000 00572nam a2200181Ia 4500
999 _c32616
_d32616
003 OSt
005 20201014120630.0
008 190216s9999||||xx |||||||||||||| ||und||
020 _a9788178796529
040 _coclc
082 _a617.1027
_bKUM/P
100 _aKumar, Rajeev
_95703
245 0 _aPrevention And Treatment Of Sports Injuries /
_cRajeev Kumar
260 _bSports Publication,
_c2011.
_aNew Delhi:
300 _a323p
650 _aSports And Games-Physical Education And Dance
942 _cBK
_2ddc
_h617.1027
_iKUM/P
_k617.1027
_mKUM/P